Priamočiara láska /
Na tridsiate narodeniny si darujem to, po čom najviac túžim: dieťa. Iste, bolo by to jednoduchšie, keby som mala manžela, ale nedám sa odradiť nepodstatnými detailmi. O pomoc požiadam Jakea, svojho najlepšieho kamaráta – múdreho, vtipného a absurdne krásneho víťaza genetických lotérií. Jediný problé...
Uloženo v:
| Série: | Chlapci z Jackson Harbor,
část 2 |
|---|---|
| Hlavní autor: | |
| Médium: | E-kniha |
| Jazyk: | Czech |
| Vydáno: |
Praha :
Albatros Media Slovakia s.r.o.,
2025
|
| Příbuzné jednotky: | Z cyklu::
Chlapci z Jackson Harbor |
| Tagy: |
Žádné tagy |
| LEADER | 01614nam a22002417i 4500 | ||
|---|---|---|---|
| 001 | 302696 | ||
| 007 | ta | ||
| 008 | 260514s2025 xr ||||| |||| 00| 0 cze d | ||
| 020 | |a 9788056648247 | ||
| 044 | |a xr | ||
| 100 | 1 | |a Ryanová, Lexi |4 aut | |
| 245 | 1 | 0 | |a Priamočiara láska / |c Ryanová, Lexi |
| 240 | 1 | 0 | |a Straight Up Love |
| 264 | 1 | |a Praha : |b Albatros Media Slovakia s.r.o., |c 2025 | |
| 300 | |a 1 online zdroj (360 stran) | ||
| 336 | |a text |b txt |2 rdacontent | ||
| 337 | |a bez média |b n |2 rdamedia | ||
| 338 | |a online zdroj |b cr |2 rdacarrier | ||
| 520 | 2 | |a Na tridsiate narodeniny si darujem to, po čom najviac túžim: dieťa. Iste, bolo by to jednoduchšie, keby som mala manžela, ale nedám sa odradiť nepodstatnými detailmi. O pomoc požiadam Jakea, svojho najlepšieho kamaráta – múdreho, vtipného a absurdne krásneho víťaza genetických lotérií. Jediný problém je, že neviem, či dokážem oddeliť sex od všetkého, čo cítim k tomuto skvelému mužovi. Ak si nedokážem udržať srdce pod zámkou, riskujem, že prídem o vzťah, ktorý si vážim najviac zo všetkých. | |
| 787 | 0 | 8 | |g 2 |i Z cyklu: |t Chlapci z Jackson Harbor |
| 910 | |a RBIT002 | ||
| 998 | |d 426953 |a https://core.palmknihy.cz/api/books/426953/cover?tesgi0 |b https://core.palmknihy.cz/api/books/426953/cover/400?tesgi0 |c https://core.palmknihy.cz/api/books/426953/cover/50?tesgi0 |e 2030-06-19 |g 360 |i 9788056648247 |j https://core.palmknihy.cz/api/books/426953/preview.epub |k https://core.palmknihy.cz/api/books/426953/preview.pdf |l |q 49 |r 1 |s https://www.palmknihy.cz/kniha/426953 |t ebook |y 2025 |z 1 |v Chlapci z Jackson Harbor |w 2 | ||
| 999 | |d 302694 | ||